[Event "Prague op-A 10th"]
[Site "Prague"]
[Date "2011.01.08"]
[Round "2"]
[White "Golubka, Petro"]
[Black "Demac, Elias"]
[Result "1-0"]
[WhiteElo "2399"]
[BlackElo "2246"]
[WhiteFideId "-1"]
[BlackFideId "-1"]
[PlyCount "105"]
[GameId "1166653970518016"]
[EventDate "2011.01.07"]
[EventType "swiss"]
[EventRounds "9"]
[EventCountry "CZE"]
[SourceTitle "CBM 140 Extra"]
[Source "ChessBase"]
[SourceDate "2011.03.01"]
[SourceVersion "1"]
[SourceVersionDate "2011.03.01"]
[SourceQuality "1"]

1. e4 c6 2. d4 d5 3. Nc3 dxe4 4. Nxe4 Nd7 5. Ng5 Ngf6 6. Bd3 e6 7. Qe2 Bd6 8. N1f3 h6 9. Ne4 Nxe4 10. Qxe4 Nf6 11. Qe2 b6 12. Bd2 Bb7 13. O-O-O Qc7 14. Ne5 c5 15. f4 cxd4 16. Bb5+ Ke7 17. Bd3 Rac8 18. Kb1 Nd5 19. a3 b5 20. Rhe1 Bxe5 21. fxe5 a5 22. Qg4 Qb6 23. Ka1 b4 24. a4 Ba6 25. Be4 Qc6 26. b3 Rhg8 27. Qh4+ Ke8 28. Bc1 d3 29. Rxd3 Bxd3 30. Bxd3 Nc3 31. Bd2 Rd8 32. Re3 g5 33. Qxh6 Nxa4 34. bxa4 Qxa4+ 35. Kb2 Rd5 36. Bc1 b3 37. cxb3 Qd4+ 38. Kb1 a4 39. Bc4 Rc5 40. Qh7 Rf8 41. Qe4 Qxe4+ 42. Rxe4 Rh8 43. Ba3 Rc8 44. bxa4 Rxh2 45. Rd4 f6 46. exf6 Kf7 47. Re4 Rc6 48. Bb5 Rc3 49. Bb2 Rg3 50. Rc4 Rgxg2 51. Rc7+ Kg6 52. Bd3+ Kh6 53. Rh7# 1-0

[Event "Prague op-A 10th"]
[Site "Prague"]
[Date "2011.01.09"]
[Round "3"]
[White "Westphal, Wolfgang"]
[Black "Golubka, Petro"]
[Result "1/2-1/2"]
[WhiteElo "2235"]
[BlackElo "2399"]
[WhiteFideId "-1"]
[BlackFideId "-1"]
[PlyCount "33"]
[GameId "1166653970702336"]
[EventDate "2011.01.07"]
[EventType "swiss"]
[EventRounds "9"]
[EventCountry "CZE"]
[SourceTitle "CBM 140 Extra"]
[Source "ChessBase"]
[SourceDate "2011.03.01"]
[SourceVersion "1"]
[SourceVersionDate "2011.03.01"]
[SourceQuality "1"]

1. e4 c5 2. Nf3 d6 3. Nc3 a6 4. a4 e6 5. g3 Nf6 6. Bg2 Be7 7. e5 dxe5 8. Nxe5 Qc7 9. Nc4 Bd7 10. d3 Bc6 11. Bf4 Qd8 12. O-O Bxg2 13. Kxg2 Nc6 14. Ne4 O-O 15. a5 Nxe4 16. dxe4 g5 17. Be3 1/2-1/2

[Event "Prague op-A 10th"]
[Site "Prague"]
[Date "2011.01.10"]
[Round "4"]
[White "Golubka, Petro"]
[Black "Mukashev, Assan"]
[Result "1-0"]
[WhiteElo "2399"]
[BlackElo "2108"]
[WhiteFideId "-1"]
[BlackFideId "-1"]
[PlyCount "30"]
[GameId "1166653970743296"]
[EventDate "2011.01.07"]
[EventType "swiss"]
[EventRounds "9"]
[EventCountry "CZE"]
[SourceTitle "CBM 140 Extra"]
[Source "ChessBase"]
[SourceDate "2011.03.01"]
[SourceVersion "1"]
[SourceVersionDate "2011.03.01"]
[SourceQuality "1"]

1. e4 e6 2. Nc3 Bb4 3. d4 Nf6 4. e5 Ne4 5. Qg4 Nxc3 6. Qxg7 Rf8 7. a3 Ba5 8. b4 Bb6 9. Bg5 Qxg5 10. Qxg5 Bxd4 11. Bd3 Ne4 12. Bxe4 Bxa1 13. Nf3 Bc3+ 14. Ke2 Nc6 15. Qe3 Bxe5 1-0

[Event "Prague op-A 10th"]
[Site "Prague"]
[Date "2011.01.11"]
[Round "5"]
[White "Gavrilov, Alexei"]
[Black "Golubka, Petro"]
[Result "1/2-1/2"]
[WhiteElo "2484"]
[BlackElo "2399"]
[WhiteFideId "-1"]
[BlackFideId "-1"]
[PlyCount "125"]
[GameId "1166653970833408"]
[EventDate "2011.01.07"]
[EventType "swiss"]
[EventRounds "9"]
[EventCountry "CZE"]
[SourceTitle "CBM 140 Extra"]
[Source "ChessBase"]
[SourceDate "2011.03.01"]
[SourceVersion "1"]
[SourceVersionDate "2011.03.01"]
[SourceQuality "1"]

1. d4 d5 2. c4 e6 3. Nf3 c5 4. cxd5 exd5 5. g3 Nc6 6. Bg2 Nf6 7. O-O Be7 8. Nc3 O-O 9. Bg5 cxd4 10. Nxd4 h6 11. Be3 Re8 12. Rc1 Bg4 13. h3 Be6 14. Kh2 Bf8 15. Nxe6 fxe6 16. f4 Bb4 17. Bg1 Qe7 18. a3 Bxc3 19. Rxc3 Rad8 20. b4 a6 21. Qc2 e5 22. fxe5 Qxe5 23. Re3 Qd6 24. Rxe8+ Rxe8 25. Bc5 Qe5 26. Qg6 Re6 27. e3 b6 28. Bd4 Nxd4 29. exd4 Qxd4 30. Rc1 Qe5 31. Rc8+ Re8 32. Rxe8+ Qxe8 33. Bxd5+ Kf8 34. Qf5 Qd7 35. Qxd7 Nxd7 36. Kg2 Nf6 37. Bb7 a5 38. bxa5 bxa5 39. Kf3 Ke7 40. Ke3 Kd6 41. Kd4 Nh5 42. g4 Nf4 43. h4 Ng6 44. h5 Ne5 45. Bc8 g6 46. hxg6 Nxg6 47. Ba6 Nf4 48. Ke4 Nh3 49. Be2 Kc5 50. Kf5 Kd4 51. a4 Kc5 52. Bd1 Kb4 53. Bc2 Kc3 54. Be4 Kb4 55. Bc6 Kc5 56. Bd7 Kb4 57. Kg6 Nf2 58. Kh5 Ka3 59. Bc6 Kb4 60. Kh4 Kc5 61. Bd7 Kb4 62. Kh5 Ka3 63. Kxh6 1/2-1/2

[Event "Prague op-A 10th"]
[Site "Prague"]
[Date "2011.01.12"]
[Round "7"]
[White "Kislinsky, Alexey"]
[Black "Golubka, Petro"]
[Result "1/2-1/2"]
[WhiteElo "2485"]
[BlackElo "2399"]
[WhiteFideId "-1"]
[BlackFideId "-1"]
[PlyCount "56"]
[GameId "1166653970968576"]
[EventDate "2011.01.07"]
[EventType "swiss"]
[EventRounds "9"]
[EventCountry "CZE"]
[SourceTitle "CBM 140 Extra"]
[Source "ChessBase"]
[SourceDate "2011.03.01"]
[SourceVersion "1"]
[SourceVersionDate "2011.03.01"]
[SourceQuality "1"]

1. e4 c5 2. c3 Nf6 3. e5 Nd5 4. Nf3 Nc6 5. d4 cxd4 6. Bc4 Nb6 7. Bb3 d5 8. exd6 Qxd6 9. O-O e6 10. cxd4 Be7 11. Nc3 a6 12. Qd3 Nd5 13. Re1 O-O 14. Ng5 Bxg5 15. Bxg5 f6 16. Ne4 Qd8 17. Bd2 b6 18. Rac1 Nce7 19. Bc2 g6 20. Bb3 Rf7 21. Rcd1 Ra7 22. Qf3 Rd7 23. Nc3 Rd6 24. Bf4 Nxf4 25. Qxf4 Kg7 26. Re4 Nf5 27. h4 b5 28. Qg4 Bb7 1/2-1/2

[Event "Prague op-A 10th"]
[Site "Prague"]
[Date "2011.01.13"]
[Round "8"]
[White "Golubka, Petro"]
[Black "Danin, Alexandre"]
[Result "1/2-1/2"]
[WhiteElo "2399"]
[BlackElo "2538"]
[WhiteFideId "-1"]
[BlackFideId "-1"]
[PlyCount "34"]
[GameId "1166653971034112"]
[EventDate "2011.01.07"]
[EventType "swiss"]
[EventRounds "9"]
[EventCountry "CZE"]
[SourceTitle "CBM 140 Extra"]
[Source "ChessBase"]
[SourceDate "2011.03.01"]
[SourceVersion "1"]
[SourceVersionDate "2011.03.01"]
[SourceQuality "1"]

1. e4 c6 2. d4 d5 3. Nc3 dxe4 4. Nxe4 Bf5 5. Ng3 Bg6 6. Nf3 Nd7 7. h4 h6 8. h5 Bh7 9. Bd3 Bxd3 10. Qxd3 e6 11. Bf4 Ngf6 12. O-O-O Nd5 13. Bd2 Nb4 14. Bxb4 Bxb4 15. Ne4 Qe7 16. Kb1 O-O-O 17. Qe3 Bd6 1/2-1/2

[Event "Tula 12"]
[Site "Tula"]
[Date "2010.12.03"]
[Round "1"]
[White "Arakeljan, Armen M"]
[Black "Golubka, Petro"]
[Result "0-1"]
[WhiteElo "2322"]
[BlackElo "2403"]
[WhiteFideId "-1"]
[BlackFideId "-1"]
[PlyCount "56"]
[GameId "1166653896450048"]
[EventDate "2010.12.03"]
[EventType "tourn"]
[EventRounds "13"]
[EventCountry "RUS"]
[EventCategory "6"]
[SourceTitle "CBM 140 Extra"]
[Source "ChessBase"]
[SourceDate "2011.03.01"]
[SourceVersion "1"]
[SourceVersionDate "2011.03.01"]
[SourceQuality "1"]

1. e4 c5 2. d4 cxd4 3. c3 dxc3 4. Nxc3 Nc6 5. Nf3 e6 6. Bc4 Bb4 7. O-O d6 8. Qe2 a6 9. Rd1 Nge7 10. a3 Bxc3 11. bxc3 O-O 12. Qd3 Qa5 13. Be3 Rd8 14. a4 d5 15. exd5 exd5 16. Bb3 Bf5 17. Qd2 Bg4 18. Bc2 Bxf3 19. gxf3 Ne5 20. Qe2 N7c6 21. Rac1 Nc4 22. Bg5 Rd6 23. Bf4 Re6 24. Qd3 Rg6+ 25. Bg3 Rd8 26. Re1 Qc5 27. Qf5 h6 28. h4 Rxg3+ 0-1

[Event "Tula 12"]
[Site "Tula"]
[Date "2010.12.04"]
[Round "2"]
[White "Golubka, Petro"]
[Black "Novikov, Maxim"]
[Result "1/2-1/2"]
[WhiteElo "2403"]
[BlackElo "2503"]
[WhiteFideId "-1"]
[BlackFideId "-1"]
[PlyCount "137"]
[GameId "1166653896482816"]
[EventDate "2010.12.03"]
[EventType "tourn"]
[EventRounds "13"]
[EventCountry "RUS"]
[EventCategory "6"]
[SourceTitle "CBM 140 Extra"]
[Source "ChessBase"]
[SourceDate "2011.03.01"]
[SourceVersion "1"]
[SourceVersionDate "2011.03.01"]
[SourceQuality "1"]

1. e4 e5 2. Nf3 Nc6 3. Nc3 Nf6 4. Bb5 Bb4 5. O-O O-O 6. d3 Bxc3 7. bxc3 d6 8. Bg5 Qe7 9. Re1 Nd8 10. d4 Ne6 11. Bc1 c6 12. Bf1 Rd8 13. a4 h6 14. Qd3 b6 15. Nh4 Qc7 16. Qg3 Nh5 17. Qf3 Nhf4 18. Nf5 Kh7 19. h4 g6 20. Nxh6 Kxh6 21. g3 Kg7 22. gxf4 Nxf4 23. Bxf4 exf4 24. Qxf4 Rh8 25. Be2 c5 26. e5 dxe5 27. dxe5 Bf5 28. h5 Rae8 29. Bf3 Rh6 30. Re2 Qd7 31. a5 gxh5 32. Kh2 Bg4 33. axb6 axb6 34. Rg1 Rg6 35. Re3 Bxf3 36. Qf6+ Kh7 37. Qxf3 Qe6 38. Qe4 Kg7 39. Rg2 b5 40. f4 Rxg2+ 41. Qxg2+ Kh7 42. Qe4+ Qg6 43. f5 Qg4 44. Qxg4 hxg4 45. Kg3 Rg8 46. Kf4 Kg7 47. Kxg4 Kf8+ 48. Kf3 Ke7 49. Ke4 Rg2 50. Kd5 c4 51. Kc5 Rf2 52. Kxb5 Rxf5 53. Kxc4 Ke6 54. Kd4 Rf4+ 55. Re4 Rf2 56. c4 Rxc2 57. Kd3 Rb2 58. Kc3 Rb8 59. Kd4 Rd8+ 60. Kc5 Rc8+ 61. Kb4 Rb8+ 62. Kc3 Kf5 63. Re2 Ke6 64. Rf2 Rd8 65. Rf6+ Kxe5 66. Rxf7 Kd6 67. Rf6+ Kc5 68. Rf5+ Kc6 69. Kb4 1/2-1/2

[Event "Tula 12"]
[Site "Tula"]
[Date "2010.12.04"]
[Round "3"]
[White "Tishin, Petr"]
[Black "Golubka, Petro"]
[Result "1/2-1/2"]
[WhiteElo "2400"]
[BlackElo "2403"]
[WhiteFideId "-1"]
[BlackFideId "-1"]
[PlyCount "59"]
[GameId "1166653896519680"]
[EventDate "2010.12.03"]
[EventType "tourn"]
[EventRounds "13"]
[EventCountry "RUS"]
[EventCategory "6"]
[SourceTitle "CBM 140 Extra"]
[Source "ChessBase"]
[SourceDate "2011.03.01"]
[SourceVersion "1"]
[SourceVersionDate "2011.03.01"]
[SourceQuality "1"]

1. e4 e5 2. Nc3 Nf6 3. g3 Bc5 4. Bg2 O-O 5. Nge2 Nc6 6. O-O d6 7. d3 h6 8. Nd5 Bg4 9. h3 Bd7 10. c3 Nxd5 11. exd5 Ne7 12. d4 Bb6 13. dxe5 dxe5 14. a4 a5 15. b3 Bc5 16. c4 Nf5 17. Qd3 Qe7 18. Bb2 Nd6 19. Nc3 Bf5 20. Qd2 Rae8 21. Rae1 Qg5 22. Qxg5 hxg5 23. Rc1 f6 24. Rfe1 Kf7 25. Red1 b6 26. g4 Bg6 27. Kf1 Ke7 28. Rd2 Kd7 29. Re1 Rh8 30. Ba1 1/2-1/2

[Event "Tula 12"]
[Site "Tula"]
[Date "2010.12.05"]
[Round "4"]
[White "Golubka, Petro"]
[Black "Gavritenkov, Sergei"]
[Result "1/2-1/2"]
[WhiteElo "2403"]
[BlackElo "2412"]
[WhiteFideId "-1"]
[BlackFideId "-1"]
[PlyCount "111"]
[GameId "1166653896531968"]
[EventDate "2010.12.03"]
[EventType "tourn"]
[EventRounds "13"]
[EventCountry "RUS"]
[EventCategory "6"]
[SourceTitle "CBM 140 Extra"]
[Source "ChessBase"]
[SourceDate "2011.03.01"]
[SourceVersion "1"]
[SourceVersionDate "2011.03.01"]
[SourceQuality "1"]

1. d4 Nf6 2. c4 c6 3. Nf3 d5 4. Nc3 a6 5. e3 b5 6. b3 Bg4 7. Be2 e6 8. O-O Bxf3 9. Bxf3 Nbd7 10. Qc2 Rc8 11. Rd1 Bb4 12. Bd2 Be7 13. a4 b4 14. Ne2 O-O 15. a5 c5 16. Nf4 cxd4 17. exd4 dxc4 18. bxc4 e5 19. dxe5 Nxe5 20. Bxb4 Nxf3+ 21. gxf3 Qc7 22. Bxe7 Qxe7 23. Qd3 Rc6 24. Nd5 Nxd5 25. cxd5 Qg5+ 26. Kh1 Rh6 27. Qe3 Qh4 28. Qe5 Qxf2 29. Rf1 Qh4 30. Rg1 g6 31. Rad1 Rh5 32. Qe2 Rd8 33. Rg4 Qf6 34. Rgd4 Qd6 35. Qd2 Kg7 36. f4 Kg8 37. Kg1 Rh4 38. Re1 h6 39. Kh1 Rh5 40. Rd1 Rh3 41. Rc1 Ra3 42. Kg1 Rb3 43. f5 gxf5 44. Qf2 Qf6 45. Kh1 Rb5 46. d6 Kf8 47. Qd2 f4 48. d7 f3 49. Rf1 Rb3 50. Rh4 Qxh4 51. Qd6+ Kg7 52. Rg1+ Kh7 53. Qe5 Rg8 54. Qf5+ Kh8 55. Qe5+ Kh7 56. Qf5+ 1/2-1/2

[Event "Tula 12"]
[Site "Tula"]
[Date "2010.12.05"]
[Round "5"]
[White "Stepanov, Alexander M"]
[Black "Golubka, Petro"]
[Result "0-1"]
[WhiteElo "2381"]
[BlackElo "2403"]
[WhiteFideId "-1"]
[BlackFideId "-1"]
[PlyCount "74"]
[GameId "1166653896564736"]
[EventDate "2010.12.03"]
[EventType "tourn"]
[EventRounds "13"]
[EventCountry "RUS"]
[EventCategory "6"]
[SourceTitle "CBM 140 Extra"]
[Source "ChessBase"]
[SourceDate "2011.03.01"]
[SourceVersion "1"]
[SourceVersionDate "2011.03.01"]
[SourceQuality "1"]

1. e4 c5 2. Nf3 Nc6 3. d4 cxd4 4. Nxd4 e5 5. Nb5 a6 6. Nd6+ Bxd6 7. Qxd6 Qf6 8. Qd1 Qg6 9. Nc3 Nge7 10. Be3 d5 11. Nxd5 Nxd5 12. Qxd5 O-O 13. f3 Rd8 14. Qc5 Be6 15. Rd1 Rxd1+ 16. Kxd1 Bxa2 17. b3 Rc8 18. Qa3 Bb1 19. Qb2 Qd6+ 20. Kc1 Bxc2 21. Qxc2 Ne7 22. Bc4 b5 23. Rd1 Qa3+ 24. Kd2 bxc4 25. bxc4 Nc6 26. Ke2 h6 27. Kf2 Nb4 28. Qe2 Qb3 29. c5 a5 30. Kg3 a4 31. Rd7 a3 32. Ra7 Rc6 33. h4 a2 34. Kh2 Kh7 35. h5 Nc2 36. Qd1 a1=Q 37. Rxa1 Nxa1 0-1

[Event "Tula 12"]
[Site "Tula"]
[Date "2010.12.06"]
[Round "6"]
[White "Golubka, Petro"]
[Black "Moiseev, Viktor"]
[Result "1/2-1/2"]
[WhiteElo "2403"]
[BlackElo "2414"]
[WhiteFideId "-1"]
[BlackFideId "-1"]
[PlyCount "44"]
[GameId "1166653896585216"]
[EventDate "2010.12.03"]
[EventType "tourn"]
[EventRounds "13"]
[EventCountry "RUS"]
[EventCategory "6"]
[SourceTitle "CBM 140 Extra"]
[Source "ChessBase"]
[SourceDate "2011.03.01"]
[SourceVersion "1"]
[SourceVersionDate "2011.03.01"]
[SourceQuality "1"]

1. e4 e5 2. Nf3 Nc6 3. Bb5 Nf6 4. O-O Nxe4 5. Re1 Nd6 6. Nxe5 Nxe5 7. Rxe5+ Be7 8. Bf1 O-O 9. d4 Bf6 10. Re1 Nf5 11. c3 d6 12. Nd2 Bd7 13. Ne4 Re8 14. Bf4 h6 15. Bd3 Be7 16. Qf3 Qc8 17. a4 a5 18. Ng3 Nh4 19. Qh5 Bg4 20. Qd5 c6 21. Qb3 Be6 22. Qc2 Qd7 1/2-1/2

[Event "Tula 12"]
[Site "Tula"]
[Date "2010.12.06"]
[Round "7"]
[White "Leonov, Mikhail A"]
[Black "Golubka, Petro"]
[Result "0-1"]
[WhiteElo "2268"]
[BlackElo "2403"]
[WhiteFideId "-1"]
[BlackFideId "-1"]
[PlyCount "128"]
[GameId "1166653896605696"]
[EventDate "2010.12.03"]
[EventType "tourn"]
[EventRounds "13"]
[EventCountry "RUS"]
[EventCategory "6"]
[SourceTitle "CBM 140 Extra"]
[Source "ChessBase"]
[SourceDate "2011.03.01"]
[SourceVersion "1"]
[SourceVersionDate "2011.03.01"]
[SourceQuality "1"]

1. d4 f5 2. Nf3 Nf6 3. c4 e6 4. g3 Bb4+ 5. Nc3 b6 6. Qb3 Nc6 7. Bg2 Ne4 8. O-O Bxc3 9. bxc3 O-O 10. Nd2 Na5 11. Qc2 Nxd2 12. Bxd2 Rb8 13. c5 Bb7 14. Bxb7 Rxb7 15. cxb6 axb6 16. c4 Ra7 17. Rfd1 Qe7 18. c5 bxc5 19. dxc5 Nc6 20. Qd3 Ra4 21. Be3 Ne5 22. Qb3 Rfa8 23. Bd4 Nc6 24. Bb2 R4a5 25. a4 Rb8 26. Qa3 Rxc5 27. a5 d6 28. Rdc1 Rxa5 29. Qc3 Rc5 30. Qd2 Rxc1+ 31. Qxc1 Nb4 32. Ra7 Nd5 33. Qd2 Qe8 34. Qd4 Qg6 35. f4 Rb4 36. Ra8+ Kf7 37. Qd2 Rxf4 38. Rc8 Rc4 39. Qa5 Qg4 40. Qb5 Nf6 41. Qb8 Qxe2 42. Rxc7+ Rxc7 43. Qxc7+ Kg6 44. Bxf6 Qd1+ 45. Kf2 gxf6 46. Qc8 Qd4+ 47. Kf1 Qa1+ 48. Kg2 Qa2+ 49. Kh3 e5 50. Qc6 Qe6 51. Kg2 e4 52. Kf1 f4 53. gxf4 Qh3+ 54. Kg1 Qg4+ 55. Kh1 Qxf4 56. Qe8+ Kg5 57. Qg8+ Kh6 58. Qf8+ Kh5 59. Qf7+ Kg4 60. Qg8+ Kf3 61. Qg2+ Ke3 62. Qg1+ Ke2 63. Qg2+ Kd3 64. h3 Qf3 0-1

[Event "Tula 12"]
[Site "Tula"]
[Date "2010.12.07"]
[Round "8"]
[White "Golubka, Petro"]
[Black "Kurilin, Alexander"]
[Result "1-0"]
[WhiteElo "2403"]
[BlackElo "2299"]
[WhiteFideId "-1"]
[BlackFideId "-1"]
[PlyCount "43"]
[GameId "1166653896634368"]
[EventDate "2010.12.03"]
[EventType "tourn"]
[EventRounds "13"]
[EventCountry "RUS"]
[EventCategory "6"]
[SourceTitle "CBM 140 Extra"]
[Source "ChessBase"]
[SourceDate "2011.03.01"]
[SourceVersion "1"]
[SourceVersionDate "2011.03.01"]
[SourceQuality "1"]

1. e4 d6 2. d4 Nf6 3. Nc3 g6 4. f4 Bg7 5. Nf3 O-O 6. Bd3 Na6 7. O-O c5 8. d5 Bg4 9. a3 Nc7 10. Qe1 Bxf3 11. Rxf3 a6 12. f5 Nd7 13. Rh3 b5 14. Qh4 h5 15. Rg3 Ne5 16. Be2 b4 17. axb4 cxb4 18. Na4 Nb5 19. Bxh5 Qe8 20. Bg5 Ra7 21. Rh3 gxh5 22. f6 1-0

[Event "Tula 12"]
[Site "Tula"]
[Date "2010.12.08"]
[Round "9"]
[White "Simantsev, Mikhail"]
[Black "Golubka, Petro"]
[Result "1-0"]
[WhiteElo "2541"]
[BlackElo "2403"]
[WhiteFideId "-1"]
[BlackFideId "-1"]
[PlyCount "97"]
[GameId "1166653896663040"]
[EventDate "2010.12.03"]
[EventType "tourn"]
[EventRounds "13"]
[EventCountry "RUS"]
[EventCategory "6"]
[SourceTitle "CBM 140 Extra"]
[Source "ChessBase"]
[SourceDate "2011.03.01"]
[SourceVersion "1"]
[SourceVersionDate "2011.03.01"]
[SourceQuality "1"]

1. d4 Nf6 2. c4 e6 3. Nf3 b6 4. g3 Bb7 5. Bg2 Be7 6. O-O O-O 7. d5 Na6 8. Nd4 Nc5 9. Nc3 a5 10. Bf4 exd5 11. cxd5 d6 12. Re1 Re8 13. a3 a4 14. e4 Nfd7 15. Rc1 Bf6 16. Ndb5 h6 17. Be3 Ne5 18. Bf1 Ned7 19. Bd4 Nb3 20. Rc2 Bxd4 21. Nxd4 Ndc5 22. Bb5 Qf6 23. Nf5 Rec8 24. Qf3 Nd4 25. Nxd4 Qxd4 26. e5 dxe5 27. Rd1 e4 28. Qxf7+ Kxf7 29. Rxd4 Kf6 30. Nxa4 Nxa4 31. Bxa4 Ke5 32. Rcd2 c5 33. dxc6 Bxc6 34. Bxc6 Rxc6 35. Rd5+ Ke6 36. Rd7 g6 37. Kg2 Re8 38. a4 Re7 39. Rxe7+ Kxe7 40. Rd4 Re6 41. Kf1 e3 42. f3 Rc6 43. Rb4 Kd6 44. Ke2 Kc5 45. Re4 Kd5 46. Kxe3 Rc2 47. Rb4 Kc5 48. Rb5+ Kc6 49. h4 1-0

[Event "Tula 12"]
[Site "Tula"]
[Date "2010.12.09"]
[Round "11"]
[White "Golubka, Petro"]
[Black "Domogaev, Sergey"]
[Result "0-1"]
[WhiteElo "2403"]
[BlackElo "2365"]
[WhiteFideId "-1"]
[BlackFideId "-1"]
[PlyCount "96"]
[GameId "1166653896695808"]
[EventDate "2010.12.03"]
[EventType "tourn"]
[EventRounds "13"]
[EventCountry "RUS"]
[EventCategory "6"]
[SourceTitle "CBM 140 Extra"]
[Source "ChessBase"]
[SourceDate "2011.03.01"]
[SourceVersion "1"]
[SourceVersionDate "2011.03.01"]
[SourceQuality "1"]

1. d4 Nf6 2. c4 g6 3. Nc3 Bg7 4. e4 O-O 5. f3 d6 6. Be3 e5 7. d5 Na6 8. Bd3 Nh5 9. Nge2 Qh4+ 10. Bf2 Qg5 11. O-O Nf4 12. Nxf4 exf4 13. Kh1 Bd7 14. Be2 Nc5 15. Qd2 a5 16. b3 Be5 17. Rac1 Rfb8 18. Rfe1 Qf6 19. Nb5 Rc8 20. Red1 h6 21. Nd4 c6 22. Bf1 Qg5 23. Qc2 h5 24. a3 cxd5 25. cxd5 a4 26. Qb1 axb3 27. Nxb3 b6 28. Nd4 Rxa3 29. Qxb6 Ra2 30. Be1 h4 31. Qb1 Rca8 32. Bc3 h3 33. Rc2 Rxc2 34. Qxc2 Ba4 35. Qa2 hxg2+ 36. Bxg2 Qf6 37. Rd2 Nb3 38. Nxb3 Bxc3 39. Rd3 Be5 40. Rd2 Kg7 41. Bf1 Qh4 42. Rg2 Qe1 43. Rg1 Qe3 44. Nd2 Bd4 45. Rg2 Ra7 46. Qb1 Bd7 47. Qd3 Ra1 48. Nb1 Bh3 0-1

[Event "Tula 12"]
[Site "Tula"]
[Date "2010.12.09"]
[Round "12"]
[White "Abbasifar, Hasan"]
[Black "Golubka, Petro"]
[Result "1-0"]
[WhiteElo "2349"]
[BlackElo "2403"]
[WhiteFideId "-1"]
[BlackFideId "-1"]
[PlyCount "88"]
[GameId "1166653896720384"]
[EventDate "2010.12.03"]
[EventType "tourn"]
[EventRounds "13"]
[EventCountry "RUS"]
[EventCategory "6"]
[SourceTitle "CBM 140 Extra"]
[Source "ChessBase"]
[SourceDate "2011.03.01"]
[SourceVersion "1"]
[SourceVersionDate "2011.03.01"]
[SourceQuality "1"]

1. e4 c5 2. Nf3 d6 3. Nc3 Nf6 4. d4 cxd4 5. Nxd4 a6 6. Bc4 e6 7. Bb3 Be7 8. O-O O-O 9. f4 Nc6 10. Kh1 Bd7 11. f5 e5 12. Nxc6 Bxc6 13. Qf3 h6 14. a4 Qc7 15. a5 b5 16. axb6 Qxb6 17. Nd5 Bxd5 18. exd5 Rfb8 19. Be3 Qb5 20. Ra3 Qb7 21. Ra4 a5 22. Rfa1 Bd8 23. Bd2 Bc7 24. Qg3 Kh7 25. Qh4 Nxd5 26. Qc4 Nf6 27. Qxf7 Rf8 28. Qg6+ Kh8 29. Rh4 Bb6 30. Bxh6 gxh6 31. Bd5 Qg7 32. Rxh6+ Nh7 33. Bxa8 Rxa8 34. Qxd6 Bc7 35. Qe6 Rf8 36. Rd1 Rf7 37. Rg6 Qf8 38. Rd7 Rxd7 39. Qxd7 Bd8 40. Re6 Nf6 41. Qd6 Qxd6 42. Rxd6 Be7 43. Re6 Bd8 44. Rxe5 Kg7 1-0

[Event "Tula 12"]
[Site "Tula"]
[Date "2010.12.10"]
[Round "13"]
[White "Golubka, Petro"]
[Black "Gusev, Aleksey"]
[Result "0-1"]
[WhiteElo "2403"]
[BlackElo "2412"]
[WhiteFideId "-1"]
[BlackFideId "-1"]
[PlyCount "64"]
[GameId "1166653896749056"]
[EventDate "2010.12.03"]
[EventType "tourn"]
[EventRounds "13"]
[EventCountry "RUS"]
[EventCategory "6"]
[SourceTitle "CBM 140 Extra"]
[Source "ChessBase"]
[SourceDate "2011.03.01"]
[SourceVersion "1"]
[SourceVersionDate "2011.03.01"]
[SourceQuality "1"]

1. e4 Nc6 2. d4 e5 3. d5 Nce7 4. Nf3 Ng6 5. Nc3 Nf6 6. Bd3 Bc5 7. O-O O-O 8. a3 a5 9. h3 d6 10. Qe2 Bd7 11. Be3 Bxe3 12. Qxe3 h6 13. Ne2 Nh5 14. b3 Qf6 15. Rac1 Ngf4 16. Ng3 Qg6 17. Nh2 f5 18. exf5 Bxf5 19. Bxf5 Rxf5 20. Ng4 Nxg3 21. fxg3 Nxd5 22. Qd2 e4 23. Rxf5 Qxf5 24. Rf1 Qe6 25. Re1 a4 26. b4 Re8 27. Qd4 b5 28. c4 bxc4 29. Qxc4 h5 30. Ne3 Nxe3 31. Qxe6+ Rxe6 32. Rxe3 d5 0-1

[Event "Independence Cup"]
[Site "Kyiv UKR"]
[Date "2010.08.17"]
[Round "6"]
[White "Bortnik, Alexandr"]
[Black "Golubka, Petro"]
[Result "1-0"]
[WhiteElo "2318"]
[BlackElo "2362"]
[WhiteFideId "-1"]
[BlackFideId "-1"]
[PlyCount "79"]
[GameId "2129405076566775"]
[EventDate "2010.08.12"]
[EventType "swiss"]
[EventRounds "11"]
[EventCountry "UKR"]

1. e4 e5 2. Nf3 Nc6 3. Bb5 Nf6 4. Qe2 a6 5. Ba4 b5 6. Bb3 Be7 7. O-O O-O 8. c3 d6 9. h3 Na5 10. Bc2 c5 11. d4 Qc7 12. d5 Bd7 13. Rd1 Kh8 14. Nbd2 c4 15. Nf1 Nb7 16. Be3 Nc5 17. Ng3 g6 18. Qd2 Ne8 19. Bh6 Rg8 20. Ng5 Bxg5 21. Bxg5 f6 22. Be3 Ng7 23. f4 Nh5 24. Nxh5 gxh5 25. Kh2 Be8 26. Qf2 exf4 27. Qxf4 Rg6 28. Rf1 Qe7 29. Bxc5 dxc5 30. Rae1 Qg7 31. Re2 Bd7 32. Qf3 Rh6 33. Qe3 Rg8 34. e5 fxe5 35. Qxe5 Qxe5+ 36. Rxe5 Be8 37. Re7 Bg6 38. Rf6 h4 39. d6 Rh5 40. Bxg6 1-0

[Event "Independence Cup"]
[Site "Kyiv UKR"]
[Date "2010.08.18"]
[Round "7"]
[White "Golubka, Petro"]
[Black "Dolzhikova, Kateryna"]
[Result "1-0"]
[WhiteElo "2362"]
[BlackElo "2309"]
[WhiteFideId "-1"]
[BlackFideId "-1"]
[PlyCount "145"]
[GameId "2129405076566807"]
[EventDate "2010.08.12"]
[EventType "swiss"]
[EventRounds "11"]
[EventCountry "UKR"]

1. e4 e5 2. Nf3 Nc6 3. Bb5 Nge7 4. c3 g6 5. d3 Bg7 6. h4 h5 7. Nbd2 d6 8. Nf1 Bg4 9. Ne3 Qd7 10. Ba4 O-O 11. Nxg4 Qxg4 12. g3 d5 13. Ng5 Qd7 14. Qe2 Rad8 15. Bd2 a6 $2 16. Bb3 dxe4 17. Nxe4 Qxd3 18. Qxd3 Rxd3 19. Nc5 Rf3 20. Bd1 Rf5 21. g4 hxg4 22. Bxg4 e4 23. Bxf5 Nxf5 24. O-O-O Nd6 25. h5 Ne5 26. Kc2 Ng4 27. Be1 Bh6 28. hxg6 fxg6 29. Rh4 e3 30. Rxg4 exf2 31. Bxf2 Rxf2+ 32. Kb3 Kf7 33. Ne4 Nxe4 34. Rxe4 Bf4 35. Rd7+ Kf6 36. Ree7 g5 37. Rf7+ Kg6 38. Rxc7 Bxc7 39. Rxf2 g4 40. Rf8 g3 41. Kc2 Kg7 42. Rf1 Bb6 43. Rf4 Bc7 44. Rg4+ Kf6 45. Kd3 Ke5 46. Rg8 Kf5 47. Rf8+ Ke5 48. Ke3 Bb6+ 49. Kf3 Bf2 50. b3 Kd5 51. Rc8 Kd6 52. Rb8 b6 53. a4 a5 54. Re8 Kc6 55. Re5 Kd6 56. Re2 Bc5 57. Kxg3 Kd5 58. Kf3 Bg1 59. Rg2 Bc5 60. Rg5+ Kc6 61. Ke4 Bf2 62. Rh5 Kd6 63. Kd3 Kc6 64. Kc4 Be3 65. Rf5 Bg1 66. Rf6+ Kb7 67. Kb5 Be3 68. Rf7+ Kb8 69. Kc6 Ka8 70. c4 Bc5 71. Rb7 Bf2 72. Rxb6 Ka7 73. c5 1-0